000 00976nam a2200217Ia 4500
001 1661
003 GE_BSU
008 181216s||||||||xx |||||||||||||| ||und||
020 _a9789941412738
040 _cGE_BSU
080 _a621.642(075.8)
100 _aმეგრელიშვილი,ზურაბ და სხვ.
245 _aფოლადის ვერტიკალური რეზერვუარების ტექნოლოგიური მოწყობილობა.
245 _bსახელმძღვანელო.(ატლასი).
260 _bშოთა რუსთაველის სახ. უნ–ტის გამ-ბა.
260 _c2011.
300 _a127გვ;28სმ .
541 _h12 ლ.
653 _aფოლადის ვერტიკალური რეზერვუარების ტექნოლოგიური მოწყობილობა.
942 _cBK
999 _c35778
_d35778